Normal view
MARC view
- DE-COMP-39
Entry Topical Term
001 - CONTROL NUMBER
- control field: 85447
003 - CONTROL NUMBER IDENTIFIER
- control field: NUST
005 - DATE AND TIME OF LATEST TRANSACTION
- control field: 20211202153856.0
008 - FIXED-LENGTH DATA ELEMENTS
- fixed length control field: 211202|| aca||aabn | a|a d
040 ## - CATALOGING SOURCE
- Original cataloging agency: NUST
- Transcribing agency: NUST
150 ## - HEADING--TOPICAL TERM
- Topical term or geographic name entry element: DE-COMP-39
670 ## - SOURCE DATA FOUND
- Source citation: Work cat.: (NUST): Ns M Ehtisham Hashmi Asc M Bin Hanif Ns Danish Ali 85445, PR-SOF-2009-Solar Power Monitoring System, 2021.
